000 00598nam a2200217 a 4500
003 PILC
005 20150827074535.0
008 101019s19uu xx 00 eng d
020 _a98114119202
050 _aRT 41
_b.K72 2004
100 _aKozier, Barbara.
245 _aFundamentals of Nursing :
_bconcepts, process and practices /
_cBarbara Kozier (and 3 others).
260 _aNJ :
_bPearson,
_c2004.
300 _a247 pages ;
_c26 cm.
650 _aNursing
_2nature.
650 _aAssessment
_2nursing.
942 _cBK
_2lcc
_kFOR
999 _c288520
_d288520